| 000 | 00931cam a22002777a 4500 | ||
|---|---|---|---|
| 003 | CHAP | ||
| 005 | 20220329142546.0 | ||
| 008 | 010926d2000 mx r 00110 spa d | ||
| 010 | _a84894 | ||
| 011 | _a85866 | ||
| 035 | _a96403 | ||
| 040 | _cCHAP | ||
| 082 | 0 | 0 | _2Folleto 16378 |
| 245 | 0 | 3 |
_aDirectorio de la actividad forestal en México, 1969 _c/por Asociación Mexicana de Profesionistas Forestales |
| 260 |
_aMéxico, D.F. : _bAsociación Mexicana de Profesionistas Forestales, _c1969. |
||
| 300 | _a80 p. | ||
| 590 |
_aBATCH-UPD _b10 _c20130110 _lUCH01 _h2156 |
||
| 590 |
_aBATCH-UPD _b10 _c20130410 _lUCH01 _h1504 |
||
| 590 |
_aBATCH-UPD _b10 _c20130914 _lUCH01 _h0722 |
||
| 590 |
_aCONVERSION _b10 _c20130109 _lUCH01 _h1347 |
||
| 650 | 1 | 4 |
_aBosques _xDirectorios _xMéxico. _914126 |
| 901 | _aBK | ||
| 905 | _aAlejandra Carrasco M. | ||
| 942 | _cFOLL | ||
| 949 |
_aFolleto 16378 _bBC _cFOLL _d33724002016967 _eTS1 _i96403 _kDon. _sb |
||
| 999 |
_c84894 _d84894 |
||